Nalaganje...

Problem of employment stabilization

Bibliografske podrobnosti
Glavni avtor: Ohlin, Bertil
Format: Printed Book
Izdano: Columbia University Press, New York 1952
Teme:
LEADER 00509nam a2200193 4500
020
082 |a 331.11 OHL-P 
100 |a Ohlin, Bertil 
245 |a Problem of employment stabilization 
250
260 |a Columbia University Press, New York  |c 1952 
300
490
500
590
650 |a Labor force-- Labor economics 
942 |c BK 
999 |c 104602  |d 104602 
952 |0 0  |1 0  |4 0  |6 331_110000000000000_OHLP  |7 0  |9 118069  |a ECN  |b ECN  |l 0  |o 331.11 OHL-P  |p ECN01639  |r 2019-09-25  |w 2019-09-25  |y BK